000 00802nam a22001937a 4500
999 _c70344
_d70344
005 20200128104458.0
010 _aB-472653-54,UR-8066, UR-8067
020 _c400.00
_a8188413704
020 _c400.00
035 _aB-472653-54,U-6621, U-6622
037 _bBPPD
082 _a846
245 _aتمہيں يا د ہو کہ نہ يا د ہو /
_cمر تبہ - شير ين زبا ن خا نم
_b(خطو ط بنا م لطف الر حمان) (حصہ اول)
246 _aTumhe yaad Ho Ke Na yaad Ho vol. II /
_bCollection of Letters- Prof.Lutfur Rehman
260 _aNew Delhi
_bM.R. Publications
_c2010 ء
270 _a10 Metropole Market, 2724-25 First Floor, Kucha Chelan, Daryaganj
_bNew Delhi
_e110002
300 _av2(320,342)p.
_c22cm(Hb)
942 _2ddc
_cUR
_h846
_mل ط ف